000 00909nam a2200241Ia 4500
003 GCL
005 20240530095629.0
008 140319s9999 xx 000 0 ara d
040 _aGCL /
_cGCL
082 0 4 _a323
_bا ل
100 0 _aاحمد شوقى بنيوب
245 1 0 _aلا حماية لاحد :
_bدور جامعة الدول العربية فى حماية حقوق الانسان /
_cاحمد شوقى بنيوب ( واخ ... )
250 _aالاولى
260 _aالقاهرة :
_bمركز القاهرة لدراسات حقوق الانسان ،
_c2006
300 _a411 ص ؛
_c24 سم
490 _aسلسلة قضايا الاصلاح ؛
_v10
650 0 4 _aالحقوق السياسية
650 0 4 _aحقوق الانسان
650 0 4 _aالحقوق المدنية
650 0 4 _aجامعة الدول العربية
700 1 _aبهى الدين حسن
942 _2ddc
_cBK
999 _c9009
_d9009